[Event "Medellin Aristizabal Cup"]
[Site "Medellin"]
[Date "2018.07.07"]
[Round "4"]
[White "Arbelaez Gil, Omar Ignacio de Jes"]
[Black "Moncada Correa, Sara"]
[Result "0-1"]
[WhiteElo "1192"]
[BlackElo "1791"]
[PlyCount "20"]
[EventDate "2018.07.04"]
[EventType "swiss"]
[EventRounds "7"]
[EventCountry "COL"]
[SourceTitle "CBM 185 Extra"]
[Source "ChessBase"]
[SourceDate "2018.07.29"]
[SourceVersion "1"]
[SourceVersionDate "2018.07.29"]
[SourceQuality "1"]

1. e4 c5 2. Nf3 d6 3. d4 cxd4 4. Nxd4 Nf6 5. Nc3 g6 6. Be3 Bg7 7. Bc4 0-0 8. Qd2 Nc6 9. a3 Qa5 10. Nb3 Qc7 0-1

[Event "Antioquia op-B"]
[Site "Medellin"]
[Date "2018.04.27"]
[Round "3"]
[White "Arbelaez Gil, Omar Ignacio de Jes"]
[Black "Gomez Rondon, Samuel"]
[Result "0-1"]
[WhiteElo "1558"]
[BlackElo "1513"]
[PlyCount "34"]
[EventDate "2018.04.25"]
[EventType "swiss"]
[EventRounds "7"]
[EventCountry "COL"]
[SourceTitle "CBM 184 Extra"]
[Source "ChessBase"]
[SourceDate "2018.06.28"]
[SourceVersion "1"]
[SourceVersionDate "2018.06.28"]
[SourceQuality "1"]

1. e4 c5 2. Nc3 d6 3. Nf3 Nf6 4. d4 cxd4 5. Nxd4 g6 6. Bc4 Bg7 7. Bg5 0-0 8. Qd2 Nc6 9. Nxc6 bxc6 10. 0-0-0 Qb6 11. Na4 Qb7 12. f3 Be6 13. Bxe6 fxe6 14. b3 Qb5 15. h4 Rf7 16. Bh6 Qe5 17. Bxg7 Qa1# 0-1

[Event "COL-ch Antioquia Profesionals"]
[Site "Antioquia"]
[Date "2012.??.??"]
[Round "4.5"]
[White "Arbelaez Gil, Omar Ignacio de Jes"]
[Black "Rodriguez Alvarez, Norbey"]
[Result "1/2-1/2"]
[WhiteElo "1536"]
[BlackElo "1697"]
[PlyCount "37"]
[EventDate "2012.09.11"]
[EventType "tourn"]
[EventRounds "7"]
[EventCountry "COL"]
[SourceTitle "EXT 2024"]
[Source "ChessBase"]
[SourceDate "2023.10.10"]
[SourceVersion "1"]
[SourceVersionDate "2023.10.10"]
[SourceQuality "1"]

1. e4 e5 2. Nf3 Nc6 3. Bc4 d6 4. d3 Be7 5. 0-0 Nf6 6. a3 Bg4 7. Be3 0-0 8. h3 Bh5 9. Nbd2 Qd7 10. c3 a6 11. Qc2 b5 12. Ba2 Rac8 13. d4 exd4 14. cxd4 Na5 15. b4 Nb7 16. d5 c5 17. dxc6 Rxc6 18. Qd3 Rfc8 19. Bd4 1/2-1/2

[Event "Medellin Amateur op"]
[Site "Medellin"]
[Date "2011.04.24"]
[Round "8.26"]
[White "Arbelaez Gil, Omar Ignacio de Jes"]
[Black "Sierra Gil, Maria Alejandra"]
[Result "1-0"]
[WhiteElo "1541"]
[BlackElo "1600"]
[PlyCount "45"]
[EventDate "2011.04.20"]
[EventType "swiss"]
[EventRounds "9"]
[EventCountry "COL"]
[SourceTitle "EXT 2024"]
[Source "ChessBase"]
[SourceDate "2023.10.10"]
[SourceVersion "1"]
[SourceVersionDate "2023.10.10"]
[SourceQuality "1"]

1. e4 e5 2. Nf3 Nc6 3. Bc4 Bc5 4. 0-0 Nf6 5. d3 d5 6. exd5 Nxd5 7. Ng5 f6 8. Ne4 0-0 9. Qf3 Bb6 10. Bxd5+ Qxd5 11. Nxf6+ Kh8 12. Qxd5 gxf6 13. Be3 Nd4 14. Na3 c6 15. Qe4 Rg8 16. Bxd4 Bxd4 17. c3 Bc5 18. Nc4 Be6 19. Ne3 Rad8 20. Rad1 Bxa2 21. Ng4 Bd5 22. Qf5 Rg5 23. Qxf6+ 1-0

[Event "Medellin Amateur op"]
[Site "Medellin"]
[Date "2011.04.22"]
[Round "4.23"]
[White "Tangarife Garcia, Wilson"]
[Black "Arbelaez Gil, Omar Ignacio de Jes"]
[Result "1-0"]
[WhiteElo "1615"]
[BlackElo "1541"]
[PlyCount "73"]
[EventDate "2011.04.20"]
[EventType "swiss"]
[EventRounds "9"]
[EventCountry "COL"]
[SourceTitle "EXT 2024"]
[Source "ChessBase"]
[SourceDate "2023.10.10"]
[SourceVersion "1"]
[SourceVersionDate "2023.10.10"]
[SourceQuality "1"]

1. d4 d5 2. c4 dxc4 3. Nc3 a6 4. a4 e6 5. e3 Nf6 6. Bxc4 Bb4 7. Nge2 0-0 8. 0-0 Nbd7 9. e4 Nb6 10. Bd3 Re8 11. e5 Nfd5 12. Qc2 g6 13. Bd2 Bf8 14. Rac1 c6 15. Ne4 Nd7 16. Qc4 N7b6 17. Qb3 Nd7 18. Bb1 f6 19. exf6 N7xf6 20. Bg5 Be7 21. Nxf6+ Bxf6 22. Bh6 Bg7 23. Bd2 Qd6 24. Ng3 Bxd4 25. Ne4 Qc7 26. Nc5 b6 27. Nd3 c5 28. Rfe1 Qd6 29. Bg5 Ra7 30. Bh4 h6 31. Bg3 e5 32. Nf4 Be6 33. Nxg6 Nf4 34. Qc2 Nxg6 35. Qxg6+ Rg7 36. Qxe8+ Qf8 37. Qxe6+ 1-0

[Event "Antioquia Region-ch U1800"]
[Site "Medellin"]
[Date "2009.09.??"]
[Round "1.8"]
[White "Arbelaez Gil, Omar Ignacio de Jes"]
[Black "Ordonez, Luis Anibal"]
[Result "0-1"]
[WhiteElo "1600"]
[BlackElo "1721"]
[PlyCount "24"]
[EventDate "2009.09.08"]
[EventType "tourn"]
[EventRounds "7"]
[EventCountry "COL"]
[SourceTitle "EXT 2024"]
[Source "ChessBase"]
[SourceDate "2023.10.10"]
[SourceVersion "1"]
[SourceVersionDate "2023.10.10"]
[SourceQuality "1"]

1. e4 c5 2. d4 cxd4 3. Qxd4 Nc6 4. Qd1 Nf6 5. Nc3 e6 6. Bd3 d5 7. exd5 Nxd5 8. Nxd5 Qxd5 9. Nf3 Nb4 10. Be2 Qe4 11. 0-0 Be7 12. Bb5+ Kf8 0-1